Music Quiz

Random Music Quiz

Tim Hicks Lyrics - Stronger Beer Quiz Stats

 Plays Quiz not verified by Sporcle

Score 0/296 Timer 10:00
0 Plays Today
Answer % Correct
We
94.1%
you
94.1%
you
94.1%
we
94.1%
you
94.1%
we
94.1%
You
94.1%
we
94.1%
we
94.1%
you
94.1%
You
94.1%
we
94.1%
you
94.1%
We
94.1%
you
94.1%
we
94.1%
we
94.1%
we
94.1%
you
94.1%
we
94.1%
you
94.1%
We
94.1%
You
94.1%
we
94.1%
we
94.1%
you
94.1%
you
94.1%
we
94.1%
you
94.1%
we
94.1%
we
94.1%
we
94.1%
you
94.1%
we
94.1%
you
94.1%
we
94.1%
you
94.1%
you
94.1%
We
94.1%
you
94.1%
we
94.1%
we
94.1%
we
94.1%
you
94.1%
we
94.1%
You
94.1%
we
94.1%
we
94.1%
we
94.1%
And
91.2%
got
91.2%
got
91.2%
got
91.2%
got
91.2%
got
91.2%
the
91.2%
a
91.2%
and
91.2%
got
91.2%
got
91.2%
and
91.2%
a
91.2%
(and one less down!)
91.2%
got
91.2%
a
91.2%
stronger
91.2%
got
91.2%
stronger
91.2%
beer
91.2%
got
91.2%
got
91.2%
got
91.2%
got
91.2%
the
91.2%
and
91.2%
the
91.2%
the
91.2%
got
91.2%
got
91.2%
and
91.2%
a
91.2%
(and one less down!)
91.2%
got
91.2%
a
91.2%
stronger
91.2%
got
91.2%
stronger
91.2%
beer
91.2%
got
91.2%
got
91.2%
and
91.2%
a
91.2%
(and one less down!)
91.2%
got
91.2%
a
91.2%
stronger
91.2%
got
91.2%
stronger
91.2%
beer
91.2%
Answer % Correct
stronger
91.2%
got
91.2%
beer
91.2%
got
91.2%
stronger
91.2%
beer
91.2%
all
88.2%
Yeah
88.2%
but
88.2%
But
88.2%
but
88.2%
But
88.2%
all
88.2%
say
88.2%
say
88.2%
yeah
88.2%
say
88.2%
say
88.2%
all
88.2%
but
88.2%
but
88.2%
but
88.2%
say
88.2%
say
88.2%
yeah
88.2%
say
88.2%
say
88.2%
all
88.2%
but
88.2%
all
88.2%
but
88.2%
say
88.2%
say
88.2%
yeah
88.2%
say
88.2%
say
88.2%
all
88.2%
but
88.2%
Yeah
88.2%
(Yeah we do baby)
88.2%
our
85.3%
can
85.3%
in
85.3%
to
85.3%
is
85.3%
to
85.3%
my
85.3%
It
85.3%
to
85.3%
for
85.3%
it
85.3%
think
82.4%
looks
82.4%
when
82.4%
of
82.4%
think
82.4%
sure
82.4%
your
82.4%
sure
82.4%
sure
82.4%
your
82.4%
get
82.4%
sure
82.4%
your
82.4%
drink
79.4%
just
79.4%
watch
79.4%
man
79.4%
here
79.4%
watch
79.4%
man
79.4%
here
79.4%
So
79.4%
takes
79.4%
drunk
79.4%
takes
79.4%
watch
79.4%
man
79.4%
here
79.4%
we're
76.5%
make
76.5%
us
76.5%
with
76.5%
white
76.5%
down
76.5%
there
76.5%
up
76.5%
more
76.5%
more
76.5%
white
76.5%
only
76.5%
down
76.5%
there
76.5%
up
76.5%
here's
76.5%
me
76.5%
down
76.5%
there
76.5%
up
76.5%
Answer % Correct
eat
73.5%
smarties
73.5%
eat
73.5%
M&M's
73.5%
fun
73.5%
'cause
73.5%
you're
73.5%
that
73.5%
blue
73.5%
'Y'all'
73.5%
both
73.5%
pro
73.5%
football
73.5%
'Y'all'
73.5%
both
73.5%
pro
73.5%
football
73.5%
'y'all'
73.5%
both
73.5%
pro
73.5%
football
73.5%
money
70.6%
pretend
70.6%
best
70.6%
best
70.6%
believe
70.6%
'Eh?'
70.6%
bigger
70.6%
'zed'
70.6%
'zee'
70.6%
love
70.6%
great
70.6%
hockey
70.6%
'Eh?'
70.6%
bigger
70.6%
'zed'
70.6%
'zee'
70.6%
beers
70.6%
nine
70.6%
'Eh?'
70.6%
bigger
70.6%
'zed'
70.6%
'zee'
70.6%
hey
67.6%
Bruce
67.6%
bars
67.6%
nineteen
67.6%
red
67.6%
'cept
67.6%
balls
67.6%
longer
67.6%
field
67.6%
TV
67.6%
Dunkin'
67.6%
donuts
67.6%
Timmies
67.6%
bro
67.6%
north
67.6%
'cept
67.6%
balls
67.6%
longer
67.6%
field
67.6%
TV
67.6%
southern
67.6%
six
67.6%
pissed
67.6%
'cept
67.6%
balls
67.6%
longer
67.6%
field
67.6%
TV
67.6%
Bryan
64.7%
Adams
64.7%
Colour
64.7%
army
64.7%
NFL
64.7%
MLB
64.7%
NBA
64.7%
game
64.7%
army
64.7%
neighbour
64.7%
kiddin'
64.7%
aside
64.7%
army
64.7%
Springsteen
61.8%
Brad
61.8%
Pitt
61.8%
Keanu
61.8%
spell
61.8%
mister
61.8%
cities
61.8%
Reeves
58.8%
lake
58.8%
fishin'
58.8%
land
58.8%
(Sucker!)
58.8%
U
41.2%
Whoa
23.5%

You're not logged in!

Compare scores with friends on all Sporcle quizzes.
OR
Log In

Sporcle TV

Today on Sporcle TV


Watch our educational content, quiz creation guides, and fun videos on Sporcle TV.

Show Comments

Extras

Created Dec 31, 2014ReportNominate
Tags:beer, stronger

Top Quizzes Today


Score Distribution

Your Account Isn't Verified!

In order to create a playlist on Sporcle, you need to verify the email address you used during registration. Go to your Sporcle Settings to finish the process.

Report this User

Report this user for behavior that violates our Community Guidelines.

Details: